[Event "Tournoi Skype 007"]
[Site "Skype"]
[Date "????.??.??"]
[Round "6.8"]
[White "Duthoit, Bernard"]
[Black "Coruble, Didier"]
[Result "1-0"]
[WhiteElo "1630"]
[BlackElo "1350"]
[PlyCount "61"]

1. e4 e5 2. Nf3 Nc6 3. Bb5 a6 4. Bxc6 bxc6 5. Nxe5 Bc5 6. d4 Bb6 7. Nc3 Nf6 8.
Nf3 O-O 9. O-O Ne8 10. e5 d5 11. Bg5 f6 12. Bh4 Bg4 13. h3 Bh5 14. g4 Bf7 15.
Nd2 Bxd4 16. Re1 c5 17. Nb3 Bxc3 18. bxc3 Be6 19. Nxc5 Bc8 20. Qf3 c6 21. Rad1
Qb6 22. Qe3 f5 23. e6 fxg4 24. Nd7 Qxe3 25. Rxe3 Bxd7 26. exd7 Nf6 27. Bxf6
gxf6 28. hxg4 Kf7 29. Rde1 h6 30. Re7+ Kg6 31. f4 1-0

[Event "Tournoi Skype 007"]
[Site "Skype"]
[Date "????.??.??"]
[Round "6.9"]
[White "Fouquereau, Andre"]
[Black "Capdeville, Jean"]
[Result "1/2-1/2"]
[WhiteElo "1580"]
[BlackElo "1440"]
[PlyCount "95"]

1. Nf3 Nc6 2. d4 d5 3. c3 Bf5 4. e3 e6 5. Bb5 Nge7 6. O-O a6 7. Ba4 b5 8. Bb3
Na5 9. Nbd2 Nxb3 10. Nxb3 Nc6 11. Nc5 Bxc5 12. dxc5 O-O 13. h3 h6 14. a3 a5 15.
Bd2 a4 16. Nd4 Nxd4 17. cxd4 h5 18. Qxh5 Bg6 19. Qe2 Qh4 20. Be1 Bf5 21. f3 Qg5
22. g4 Bh7 23. Kh2 f5 24. f4 Qg6 25. g5 Qf7 26. Qxb5 Qe8 27. Qxe8 Rfxe8 28. Bb4
c6 29. Kg3 g6 30. h4 Kg7 31. Rh1 Rh8 32. h5 gxh5 33. Rxh5 Bg6 34. Rxh8 Rxh8 35.
Kg2 Bh5 36. Rb1 Be2 37. b3 Bb5 38. bxa4 Bxa4 39. Rh1 Rxh1 40. Kxh1 Kg6 41. Kg2
Kh5 42. Kg3 Bb5 43. Ba5 Ba4 44. Bd8 Bb5 45. Ba5 Ba4 46. Bd2 Bb5 47. Bc1 Ba4 48.
Bd2 1/2-1/2

[Event "Tournoi Skype 007"]
[Site "Skype"]
[Date "????.??.??"]
[Round "6.10"]
[White "Jacquelin, Norbert"]
[Black "Nicole, Chantal"]
[Result "1-0"]
[WhiteElo "1740"]
[BlackElo "1690"]
[PlyCount "43"]

1. e4 d6 2. d4 g6 3. Nc3 Bg7 4. Be3 Nf6 5. Be2 O-O 6. h4 c6 7. g4 Qa5 8. Bf3
Nbd7 9. g5 Ne8 10. h5 f6 11. hxg6 hxg6 12. Nh3 fxg5 13. Nxg5 Nef6 14. Ne6 Rf7
15. Bh6 Bxh6 16. Rxh6 Nf8 17. Nxf8 Kxf8 18. Qd2 Kg7 19. O-O-O Bg4 20. Rdh1 Bxf3
21. Rxg6+ Kf8 22. Rh8+ 1-0

[Event "Tournoi Skype 007"]
[Site "Skype"]
[Date "????.??.??"]
[Round "6.12"]
[White "Tamditi, Ibrahim"]
[Black "Antonic, Nenad"]
[Result "0-1"]
[WhiteElo "1080"]
[BlackElo "1530"]
[PlyCount "56"]

1. Nf3 e6 2. e4 d5 3. Nc3 c6 4. Bd3 d4 5. Ne2 Nd7 6. Nexd4 e5 7. Nb3 Ngf6 8.
O-O Bd6 9. h3 h6 10. Re1 g5 11. Bf1 Nh5 12. d4 exd4 13. Nfxd4 Be5 14. Qxh5 Nf6
15. Bxg5 Qd6 16. Bc4 Nxh5 17. Nf5 Qb4 18. Bxf7+ Kxf7 19. Nxh6+ Kg6 20. h4 Rxh6
21. Bxh6 Kxh6 22. c3 Qe7 23. g3 Be6 24. Nd2 Rg8 25. Nf1 Qxh4 26. Re3 Nf4 27.
Rae1 Qh3 28. a3 Qg2# 0-1

[Event "Tournoi Skype 007"]
[Site "Skype"]
[Date "????.??.??"]
[Round "6.13"]
[White "Megelas, Florent"]
[Black "Coude, Josue"]
[Result "1-0"]
[WhiteElo "1610"]
[BlackElo "1250"]
[PlyCount "85"]

1. e4 e5 2. Nf3 Nc6 3. Bb5 Nf6 4. Nc3 Bb4 5. d3 d6 6. O-O Bg4 7. h3 Bh5 8. Bg5
O-O 9. Bxc6 bxc6 10. g4 Bg6 11. Nh4 h6 12. Bxf6 Qxf6 13. Nf5 Rab8 14. Qf3 Bxf5
15. Qxf5 Qxf5 16. exf5 Bxc3 17. bxc3 Rb2 18. Rfc1 Rfb8 19. Kf1 a5 20. Ke1 a4
21. a3 c5 22. Kd2 c6 23. c4 d5 24. cxd5 cxd5 25. Ke3 d4+ 26. Ke4 f6 27. h4 g5
28. fxg6 Kg7 29. h5 Rc8 30. Rab1 Rxb1 31. Rxb1 c4 32. Rb7+ Kf8 33. Rf7+ Ke8 34.
Rxf6 Ke7 35. Rf5 Ke6 36. Rxe5+ Kd6 37. Kxd4 c3 38. Ra5 Rb8 39. Rxa4 Rb2 40.
Kxc3 Rb6 41. f4 Rc6+ 42. Rc4 Rb6 43. f5 1-0

[Event "Tournoi Skype 007"]
[Site "Skype"]
[Date "????.??.??"]
[Round "6.14"]
[White "Porcabeuf, Jean-Marc"]
[Black "L'Herbon De Lussats, Jean"]
[Result "0-1"]
[WhiteElo "1270"]
[BlackElo "1440"]
[PlyCount "54"]

1. d4 d5 2. c4 Nf6 3. Nf3 dxc4 4. Nc3 c6 5. e4 e6 6. a3 b5 7. Bg5 Be7 8. b3
cxb3 9. Qxb3 Nh5 10. Bxe7 Qxe7 11. Ne5 Qd6 12. Rd1 Bb7 13. Be2 Nf6 14. O-O O-O
15. Bf3 a6 16. Ne2 c5 17. Ng3 cxd4 18. Nd3 e5 19. Nb4 Nbd7 20. Rc1 Rac8 21.
Rxc8 Rxc8 22. Nf5 Qc5 23. Nd3 Qf8 24. Re1 Rc3 25. Qd1 Qxa3 26. h4 Rxd3 27. Qxd3
Qxd3 0-1

[Event "Tournoi Skype 007"]
[Site "Skype"]
[Date "????.??.??"]
[Round "6.17"]
[White "Charland, Christian"]
[Black "Vincent, Andre"]
[Result "0-1"]
[WhiteElo "1260"]
[BlackElo "1440"]
[PlyCount "96"]

1. e4 c5 2. e5 Nc6 3. c4 Nxe5 4. Nf3 Nc6 5. d4 d6 6. d5 Ne5 7. Nxe5 dxe5 8. Bd3
e6 9. Nc3 Nf6 10. Bg5 Be7 11. Qf3 O-O 12. Be4 Nxe4 13. Bxe7 Qxe7 14. Qxe4 Qg5
15. h4 Qf4 16. d6 Rb8 17. g3 Qxe4+ 18. Nxe4 b6 19. O-O-O Bd7 20. b3 h6 21. g4
f5 22. Ng3 fxg4 23. Rdf1 Bc6 24. Rhg1 Bf3 25. Ne4 Rbd8 26. d7 Rxd7 27. Nd2 h5
28. Nxf3 Rxf3 29. Rg3 Rdf7 30. Rxf3 Rxf3 31. Kd2 g3 32. Ke2 e4 33. Rg1 Rxf2+
34. Ke3 Rf3+ 35. Kxe4 Rc3 36. Kf4 Kf7 37. Kg5 g6 38. Rf1+ Kg7 39. Rf6 g2 40.
Rxg6+ Kf7 41. Kxh5 Rc2 42. Kh6 Rf2 43. Rg7+ Kf6 44. Rg6+ Ke7 45. h5 Rf6 46. Kh7
Rxg6 47. hxg6 g1=Q 48. g7 Kf7 0-1

[Event "Tournoi Skype 007"]
[Site "Skype"]
[Date "????.??.??"]
[Round "6.18"]
[White "Blaevoet, Rebecca"]
[Black "Rondeau, Annie"]
[Result "1-0"]
[WhiteElo "1299"]
[BlackElo "1010"]
[PlyCount "73"]

1. c4 e5 2. b3 Nf6 3. Bb2 Nc6 4. Nf3 d5 5. d3 d4 6. e3 dxe3 7. fxe3 Bb4+ 8. Nc3
O-O 9. Be2 Bg4 10. O-O Bxf3 11. Bxf3 Qd7 12. a3 Bxc3 13. Bxc3 Rae8 14. d4 e4
15. Be2 h5 16. Rf4 Re7 17. d5 Ne5 18. Qc2 c6 19. dxc6 bxc6 20. b4 Rd8 21. Rd1
Qc8 22. a4 Rxd1+ 23. Bxd1 Rd7 24. Be2 c5 25. Bxe5 Ng4 26. Qxe4 Qd8 27. bxc5
Rd1+ 28. Bf1 Qd2 29. Qa8+ Kh7 30. h3 Qxe3+ 31. Kh1 Nxe5 32. Qe4+ Qxe4 33. Rxe4
Rxf1+ 34. Kh2 Nd3 35. c6 f5 36. Rd4 Re1 37. Rxd3 1-0

[Event "Tournoi Skype 007"]
[Site "Skype"]
[Date "????.??.??"]
[Round "6.19"]
[White "Baker, Abi"]
[Black "Gagnon, Sindy"]
[Result "0-1"]
[WhiteElo "1299"]
[BlackElo "1060"]
[PlyCount "64"]

1. d4 Nc6 2. e4 Nf6 3. Nc3 e6 4. Nf3 Be7 5. Bb5 d6 6. O-O O-O 7. Bg5 Bd7 8. Qd2
e5 9. d5 a6 10. dxc6 axb5 11. cxd7 Qxd7 12. Nxe5 Qe6 13. Nxb5 Qxe5 14. Nxc7
Rac8 15. Nd5 Bd8 16. Rfe1 h6 17. Bf4 Qh5 18. Bxd6 Re8 19. e5 Nxd5 20. Qxd5 Rxc2
21. Qxb7 Kh7 22. b4 Rh8 23. f4 Qf5 24. Rf1 g5 25. e6 Kg6 26. exf7 Rh7 27. f8=Q
Rxb7 28. Qxd8 Qg4 29. Qe8+ Kg7 30. Qf8+ Kg6 31. f5+ Kh5 32. f6 Qxg2# 0-1

[Event "Tournoi Skype 007"]
[Site "Skype"]
[Date "????.??.??"]
[Round "6.20"]
[White "Martin, Elise"]
[Black "Marty, Yvette"]
[Result "1-0"]
[WhiteElo "1250"]
[BlackElo "1020"]
[PlyCount "45"]

1. d4 d5 2. c4 dxc4 3. Qa4+ Bd7 4. Qxc4 Nf6 5. Nf3 g6 6. Nc3 Nc6 7. e4 Qc8 8.
Bg5 Nh5 9. Ne5 Nxe5 10. dxe5 Bg7 11. Qd4 h6 12. Be3 Bf8 13. e6 fxe6 14. Qxh8
Nf6 15. Bxh6 Ng8 16. Qxg8 Bc6 17. Qxf8+ Kd7 18. Qxc8+ Rxc8 19. Rd1+ Ke8 20. Bc4
a6 21. Bxe6 Rb8 22. O-O Bxe4 23. Nxe4 1-0

[Event "Tournoi Skype 007"]
[Site "Skype"]
[Date "????.??.??"]
[Round "7.1"]
[White "Hervais, Adrien"]
[Black "Auger, Bertrand"]
[Result "1/2-1/2"]
[WhiteElo "2020"]
[BlackElo "1990"]
[PlyCount "141"]

1. e4 e6 2. d4 d5 3. Nd2 c5 4. c3 Nc6 5. Ngf3 Nf6 6. e5 Nd7 7. Bd3 Be7 8. O-O
O-O 9. Re1 cxd4 10. cxd4 f6 11. exf6 Nxf6 12. Nf1 Bb4 13. Bd2 Bd6 14. a3 Bd7
15. Bg5 Qc7 16. Rc1 h6 17. Bh4 Rae8 18. Bb1 Qb6 19. b4 a5 20. Ne5 Nb8 21. Qd3
Ne4 22. bxa5 Qxa5 23. Nxd7 Nxd7 24. f3 Nef6 25. Re3 Bf4 26. Kh1 Bxe3 27. Nxe3
Rc8 28. Rg1 Qc3 29. Be1 Qxd3 30. Bxd3 Rc7 31. Bd2 Rfc8 32. Re1 Kf7 33. g3 Ne8
34. Ng2 g5 35. h4 Kf6 36. hxg5+ hxg5 37. f4 gxf4 38. Nxf4 Ng7 39. Rf1 Nf5 40.
Bxf5 exf5 41. Nxd5+ Kg6 42. Nxc7 Rxc7 43. Rb1 b6 44. Rb5 Rc2 45. Bf4 Kf6 46.
Kg1 Ra2 47. Rd5 Ke6 48. Rd6+ Ke7 49. Rc6 Rb2 50. Bg5+ Kf7 51. Rd6 Ke8 52. Re6+
Kf7 53. Rc6 Rb3 54. Kf2 Rxa3 55. d5 b5 56. Rc7 Ke8 57. d6 b4 58. Rb7 b3 59. Ke2
Ra2+ 60. Ke3 Ra6 61. Rxb3 Rxd6 62. Rb5 Kf7 63. Rxf5+ Kg6 64. g4 Re6+ 65. Kf4
Rd6 66. Ke4 Re6+ 67. Kd5 Rb6 68. Be7 Nf6+ 69. Kc5 Nd7+ 70. Kd4 Re6 71. Bb4
1/2-1/2

[Event "Tournoi Skype 007"]
[Site "Skype"]
[Date "????.??.??"]
[Round "7.2"]
[White "Lambert, Pierre"]
[Black "Catherine, Bertrand"]
[Result "0-1"]
[WhiteElo "1840"]
[BlackElo "1850"]
[PlyCount "52"]

1. e4 c5 2. Nf3 Nc6 3. Bb5 Nf6 4. Nc3 g6 5. O-O Bg7 6. Re1 O-O 7. d3 d6 8. h3
Nd4 9. Bc4 Be6 10. e5 dxe5 11. Bxe6 Nxe6 12. Nxe5 Nd5 13. Bd2 Nd4 14. Nf3 Nb4
15. Nxd4 cxd4 16. Ne4 Nd5 17. Qf3 Rc8 18. Rac1 e6 19. c4 dxc3 20. bxc3 Rc6 21.
c4 Nb6 22. Bb4 Re8 23. Bd2 f5 24. Bg5 fxe4 25. Bxd8 exf3 26. Bxb6 Rxb6 0-1

[Event "Tournoi Skype 007"]
[Site "Skype"]
[Date "????.??.??"]
[Round "7.3"]
[White "Deville, Olivier"]
[Black "Peignien, Laurent"]
[Result "1-0"]
[WhiteElo "1900"]
[BlackElo "1590"]
[PlyCount "49"]

1. Nf3 Nf6 2. c4 g6 3. Nc3 Bg7 4. e4 d6 5. d4 O-O 6. h3 e5 7. d5 Na6 8. Nd2 Nc5
9. b4 Ncd7 10. Nb3 b6 11. Be3 a5 12. bxa5 bxa5 13. a4 Bb7 14. c5 Nxc5 15. Nxc5
dxc5 16. Bxc5 Re8 17. Bb5 Nd7 18. Ba3 Bf8 19. O-O Bxa3 20. Rxa3 Re7 21. d6 cxd6
22. Qxd6 Bc8 23. Nd5 Re6 24. Qc7 Qg5 25. Bxd7 1-0

[Event "Tournoi Skype 007"]
[Site "Skype"]
[Date "????.??.??"]
[Round "7.4"]
[White "Plourde, Alain"]
[Black "Duthoit, Bernard"]
[Result "1-0"]
[WhiteElo "1780"]
[BlackElo "1630"]
[PlyCount "0"]

1. d4 Nf6 2. c4 g6 3. Nc3 Bg7 4. Nf3 e6 5. Bg5 o-o 6. Qd2 b6 7. Bh6 Bb7 8. Bxg7 Kxg7 9. o-o-o Nc6 10. e4 Ne7 11. Bd3 d6 12. h4 h5 13. e5 Ng4 14. Be4 Bxe4 15. Nxe4 dxe5 16. Nxe5 Nxe5 17. dxe5 Qxd2 18. Rxd2 Nf5 19. Rd7 c5 20. g3 Rfd8 21. Rhd1 Nd4 22. Rc7 Ne2+ 23. Kc2 Nd4+ 24. Kb1 a5 25. Ng5 Rf8 26. Rb7 Rab8 27. Rd7 Rbd8 28. R1xd4 cxd4 29. Nxe6+ Kg8 30. Nxd8 Re8 31. f4 f5 32. Rxd4 1-0

[Event "Tournoi Skype 007"]
[Site "Skype"]
[Date "????.??.??"]
[Round "7.5"]
[White "De Leener, Luc"]
[Black "Bourdeau, Yvan"]
[Result "1-0"]
[WhiteElo "1700"]
[BlackElo "1620"]
[PlyCount "81"]

1. e4 e5 2. Nf3 Nc6 3. Bc4 Bc5 4. c3 Qe7 5. O-O Nf6 6. d4 Bb6 7. Bg5 d6 8. d5
Nb8 9. Nbd2 h6 10. Bxf6 Qxf6 11. Bb5+ c6 12. Ba4 O-O 13. dxc6 Nxc6 14. Nc4 Bc7
15. Ne3 Ne7 16. Re1 Be6 17. Qe2 a6 18. Bc2 Ng6 19. Nd5 Bxd5 20. exd5 Nf4 21.
Qe4 Qg6 22. Qxg6 fxg6 23. c4 Rf6 24. g3 Nh5 25. Nd2 Raf8 26. Ne4 Rf3 27. Bd1
R3f7 28. Bxh5 gxh5 29. h4 b6 30. Re2 Rc8 31. b3 Rd7 32. Rae1 Bb8 33. Kg2 Ba7
34. Rc2 b5 35. Ree2 b4 36. f3 Bc5 37. g4 hxg4 38. fxg4 Rf8 39. Nxc5 dxc5 40.
Rxe5 Rd6 41. Rce2 1-0

[Event "Tournoi Skype 007"]
[Site "Skype"]
[Date "????.??.??"]
[Round "7.7"]
[White "Legueltel, Daniel"]
[Black "Fouquereau, Andre"]
[Result "1-0"]
[WhiteElo "1740"]
[BlackElo "1580"]
[PlyCount "71"]

1. d4 d5 2. c4 Nf6 3. cxd5 Qxd5 4. Nc3 Qa5 5. Nf3 e6 6. e3 Bb4 7. Bd2 c6 8. Bd3
O-O 9. O-O Nbd7 10. Qc2 h6 11. Ne4 Bxd2 12. Nfxd2 Qc7 13. Nc4 Nxe4 14. Bxe4 Nf6
15. Bf3 Qe7 16. Ne5 Bd7 17. a3 Rac8 18. b4 a6 19. Qb3 Rc7 20. Rfc1 Rfc8 21. Rc2
Be8 22. Rac1 Nd7 23. Nc4 Nb8 24. a4 b6 25. Nxb6 Rd8 26. a5 Qd6 27. g3 Nd7 28.
Rxc6 Rxc6 29. Rxc6 Qb8 30. Nxd7 Bxd7 31. Rxa6 Qc7 32. Rb6 Rb8 33. Rxb8+ Qxb8
34. Qc3 Bb5 35. Qc5 Ba4 36. Bc6 1-0

[Event "Tournoi Skype 007"]
[Site "Skype"]
[Date "????.??.??"]
[Round "7.10"]
[White "De Coninck, Philippe"]
[Black "L'Herbon De Lussats, Jean"]
[Result "1-0"]
[WhiteElo "1540"]
[BlackElo "1440"]
[PlyCount "103"]

1. e4 c5 2. Nf3 d5 3. exd5 Qxd5 4. Nc3 Qd8 5. Bb5+ Bd7 6. O-O Nf6 7. d4 a6 8.
Bxd7+ Nbxd7 9. h3 c4 10. a4 e6 11. Qe2 Qc7 12. Re1 Bb4 13. Bd2 Bxc3 14. Bxc3
O-O 15. Ne5 b5 16. Nxd7 Nxd7 17. Qe4 Nb6 18. axb5 axb5 19. Ba5 Qb8 20. Bxb6
Rxa1 21. Rxa1 Qxb6 22. Ra8 f5 23. Rxf8+ Kxf8 24. Qe5 Kf7 25. Kh2 g5 26. f4 h6
27. Kg3 Qc6 28. Qh8 Kg6 29. fxg5 hxg5 30. Qe5 b4 31. Qc5 f4+ 32. Kf2 Qxc5 33.
dxc5 Kf6 34. Kf3 e5 35. c6 Ke6 36. c7 Kd7 37. Ke4 Kxc7 38. Kxe5 Kc6 39. Kf5 Kd5
40. Kxg5 Ke4 41. h4 Ke3 42. h5 Kd2 43. h6 Kxc2 44. h7 Kxb2 45. h8=Q+ c3 46.
Kxf4 Kb1 47. Qh1+ Kb2 48. Ke3 c2 49. Kd2 b3 50. Qc1+ Ka2 51. Kc3 b2 52. Qxb2#
1-0

[Event "Tournoi Skype 007"]
[Site "Skype"]
[Date "????.??.??"]
[Round "7.12"]
[White "Malbec, Robert"]
[Black "Armingaud, Jean-Claude"]
[Result "1-0"]
[WhiteElo "1510"]
[BlackElo "1180"]
[PlyCount "119"]

1. e4 e5 2. Nf3 Nc6 3. Bb5 Nf6 4. d3 a6 5. Bxc6 bxc6 6. Nxe5 Qe7 7. Ng4 d6 8.
Nxf6+ Qxf6 9. Nd2 d5 10. Qf3 Bc5 11. Qxf6 gxf6 12. Nf3 O-O 13. Bf4 Ra7 14. h3
Re8 15. Nd2 Bd4 16. O-O-O Bxf2 17. Rdf1 Bd4 18. c3 Bc5 19. d4 Bd6 20. Bxd6 cxd6
21. Rxf6 Rd7 22. Re1 Bb7 23. e5 dxe5 24. dxe5 Rde7 25. Nf3 Kg7 26. Rf5 Kg6 27.
Rg5+ Kh6 28. Kd2 Re6 29. h4 Rg6 30. Rxg6+ Kxg6 31. Re3 f5 32. exf6 Rxe3 33.
Kxe3 Kxf6 34. g3 Kf5 35. Ng5 h6 36. Nf3 c5 37. Nh2 a5 38. g4+ Kf6 39. Kf4 d4
40. cxd4 cxd4 41. Nf1 d3 42. Nd2 Bd5 43. a3 a4 44. Ke3 Ke5 45. Kxd3 Bb3 46. g5
Kf5 47. gxh6 Kg6 48. Nxb3 axb3 49. a4 Kxh6 50. a5 Kh5 51. a6 Kxh4 52. a7 Kg3
53. a8=Q Kf2 54. Qe8 Kf3 55. Qe3+ Kg4 56. Ke4 Kh4 57. Kf4 Kh5 58. Kf5 Kh4 59.
Qf2+ Kh5 60. Qh2# 1-0

[Event "Tournoi Skype 007"]
[Site "Skype"]
[Date "????.??.??"]
[Round "7.13"]
[White "Nicole, Chantal"]
[Black "Tamditi, Ibrahim"]
[Result "1-0"]
[WhiteElo "1690"]
[BlackElo "1080"]
[PlyCount "73"]

1. c4 d6 2. g3 Be6 3. d3 d5 4. Bg2 Na6 5. e3 Qd7 6. Nc3 c6 7. cxd5 Bxd5 8. Nxd5
cxd5 9. Nf3 e6 10. O-O h6 11. b3 Nf6 12. Bb2 Be7 13. Rc1 O-O 14. Ne5 Qd8 15.
Qe2 Nd7 16. Qg4 Bf6 17. d4 Bxe5 18. dxe5 f5 19. exf6 Nxf6 20. Qxe6+ Kh8 21.
Rfd1 Nc7 22. Qe5 Rf7 23. e4 Ng4 24. Qd4 Nxf2 25. Rf1 Ne6 26. Qxd5 Qxd5 27. exd5
Nd3 28. Rxf7 Nxb2 29. dxe6 Nd3 30. e7 Nxc1 31. Rf8+ Rxf8 32. exf8=Q+ Kh7 33.
Be4+ g6 34. Qf7+ Kh8 35. Bxg6 Ne2+ 36. Kf2 Nxg3 37. Qh7# 1-0

[Event "Tournoi Skype 007"]
[Site "Skype"]
[Date "????.??.??"]
[Round "7.15"]
[White "Vincent, Andre"]
[Black "Ouellet, Emile"]
[Result "1/2-1/2"]
[WhiteElo "1440"]
[BlackElo "1360"]
[PlyCount "85"]

1. d4 d5 2. c4 e6 3. Nc3 Bb4 4. Nf3 Nd7 5. e3 b6 6. cxd5 exd5 7. Bd3 Ngf6 8.
O-O O-O 9. Re1 Re8 10. Bd2 c5 11. a3 Bxc3 12. Bxc3 Bb7 13. b3 Rc8 14. Rc1 Ne4
15. Bxe4 dxe4 16. Nd2 Nf6 17. Nc4 cxd4 18. Qxd4 Qxd4 19. Bxd4 Re6 20. Ne5 Rxc1
21. Rxc1 Kf8 22. Rc7 Re7 23. Rxe7 Kxe7 24. b4 Nd7 25. Nxd7 Kxd7 26. Bxg7 a6 27.
g4 Bc6 28. g5 a5 29. h4 Ke6 30. Bd4 b5 31. h5 axb4 32. axb4 Kf5 33. Bf6 Kg4 34.
h6 Kh5 35. Kf1 Kg6 36. Ke2 Bd5 37. Kd2 Kf5 38. Kc1 Bc6 39. Kd2 Kg6 40. Kc3 Kf5
41. Kd4 Ke6 42. Kc5 Kd7 43. Kd4 1/2-1/2

[Event "Tournoi Skype 007"]
[Site "Skype"]
[Date "????.??.??"]
[Round "7.18"]
[White "Charland, Christian"]
[Black "Porcabeuf, Jean-Marc"]
[Result "0-1"]
[WhiteElo "1260"]
[BlackElo "1270"]
[PlyCount "44"]

1. e4 e6 2. c4 Nf6 3. Bd3 d5 4. e5 Nfd7 5. Nf3 c5 6. cxd5 exd5 7. Bb5 Nc6 8. d4
Qa5+ 9. Bd2 Qxb5 10. Nc3 Qb6 11. Nxd5 Qd8 12. Bg5 Be7 13. Bxe7 Nxe7 14. Nxe7
Qxe7 15. dxc5 Nxc5 16. O-O O-O 17. h3 Ne6 18. Qd3 Nf4 19. Qe4 Nh5 20. g4 f5 21.
gxf5 Bxf5 22. Qxf5 Rxf5 0-1

[Event "Tournoi Skype 007"]
[Site "Skype"]
[Date "????.??.??"]
[Round "7.19"]
[White "Vervoort, Jean-Louis"]
[Black "Baker, Abi"]
[Result "1-0"]
[WhiteElo "1140"]
[BlackElo "1299"]
[PlyCount "51"]

1. e4 Nc6 2. Nf3 Nf6 3. Nc3 e5 4. Bb5 Bb4 5. d3 O-O 6. O-O Re8 7. Bg5 a5 8. Qd2
d5 9. Rfe1 dxe4 10. Bxc6 Re6 11. Bxe4 Raa6 12. a3 Bc5 13. Na4 b6 14. Nxc5 bxc5
15. Qc3 Rab6 16. Qxa5 Rxb2 17. Qxc5 Reb6 18. Qxe5 Rxc2 19. d4 Bb7 20. Bxc2 Bxf3
21. gxf3 Rb2 22. Re2 c6 23. Rae1 Qa8 24. Qe8+ Nxe8 25. Rxe8+ Qxe8 26. Rxe8# 1-0

[Event "Tournoi Skype 007"]
[Site "Skype"]
[Date "????.??.??"]
[Round "7.20"]
[White "Rondeau, Annie"]
[Black "Marty, Yvette"]
[Result "1-0"]
[WhiteElo "1010"]
[BlackElo "1020"]
[PlyCount "27"]

1. e4 e5 2. Nf3 Nc6 3. Bc4 Nf6 4. O-O Bc5 5. Nc3 O-O 6. d3 d6 7. Be3 Bxe3 8.
fxe3 Bg4 9. h3 Bd7 10. Nd5 Nxd5 11. exd5 Ne7 12. Ng5 Nf5 13. Qh5 Qe7 14. Qxh7#
1-0